<?xml version='1.0' encoding='UTF-8'?><?xml-stylesheet href='static/style.xsl' type='text/xsl'?><OAI-PMH xmlns="http://www.openarchives.org/OAI/2.0/" xmlns:xsi="http://www.w3.org/2001/XMLSchema-instance" xsi:schemaLocation="http://www.openarchives.org/OAI/2.0/ http://www.openarchives.org/OAI/2.0/OAI-PMH.xsd"><responseDate>2026-04-17T13:18:21Z</responseDate><request verb="GetRecord" identifier="oai:ebiltegia.mondragon.edu:20.500.11984/14047" metadataPrefix="marc">https://ebiltegia.mondragon.edu/oai/request</request><GetRecord><record><header><identifier>oai:ebiltegia.mondragon.edu:20.500.11984/14047</identifier><datestamp>2026-02-28T07:15:52Z</datestamp><setSpec>com_20.500.11984_473</setSpec><setSpec>col_20.500.11984_1072</setSpec></header><metadata><record xmlns="http://www.loc.gov/MARC21/slim" xmlns:dcterms="http://purl.org/dc/terms/" xmlns:xsi="http://www.w3.org/2001/XMLSchema-instance" xmlns:doc="http://www.lyncode.com/xoai" xsi:schemaLocation="http://www.loc.gov/MARC21/slim http://www.loc.gov/standards/marcxml/schema/MARC21slim.xsd">
   <leader>00925njm 22002777a 4500</leader>
   <datafield ind2=" " ind1=" " tag="042">
      <subfield code="a">dc</subfield>
   </datafield>
   <datafield ind2=" " ind1=" " tag="720">
      <subfield code="a">De-la-Fuente-Cosgaya, Miguel</subfield>
      <subfield code="e">author</subfield>
   </datafield>
   <datafield ind2=" " ind1=" " tag="720">
      <subfield code="a">Uriarte, Leire</subfield>
      <subfield code="e">author</subfield>
   </datafield>
   <datafield ind2=" " ind1=" " tag="260">
      <subfield code="c">2026-02-27</subfield>
   </datafield>
   <datafield ind2=" " ind1=" " tag="520">
      <subfield code="a">Mondragon Unibertsitatea es una universidad cooperativa de segundo grado asociada a MONDRAGON. Creada&#xd;
en 1997, esta universidad integra en situación de igualdad a diferentes tipos de socios: estudiantes, trabajadores/as y socios/as colaboradores/as. Esta universidad cooperativa es una realización más de la Experiencia Cooperativa de Mondragon.&#xd;
Interesante por su mera existencia en un sistema universitario marcado por la aparente dicotomía público/privado. Su particular desarrollo histórico ha dado lugar a una organización conformada por tres facultades cooperativas y una fundación que&#xd;
integran una estructura de intercooperación destinada a la generación de conocimiento. De esta forma, el equilibro entre autonomía e integración, así como la tensión entre una gobernanza horizontal y un sector universitario jerarquizado y altamente&#xd;
complejo, presenta algunos desafíos relevantes para esta cooperativa de enseñanza superior, a la par que demuestra el&#xd;
éxito de una iniciativa que responde a las necesidades de la comunidad en la que se inserta.</subfield>
   </datafield>
   <datafield ind2=" " ind1=" " tag="520">
      <subfield code="a">Mondragon Unibertsitatea is a cooperative higher education institution associated with MONDRAGON, formally&#xd;
established in 1997. Its foundation involved the integration of students, academic staff, and collaborating members as equal&#xd;
stakeholders. The creation of this university constitutes a distinctive development within a higher education system traditionally defined by the apparent dichotomy between public/private. The unique historical trajectory of this initiative has resulted in an organization composed of three cooperative-faculties and a foundation, collectively forming a framework of&#xd;
intercooperation oriented toward knowledge generation. Thus, the balance between autonomy and integration and the tension between horizontal governance and a hierarchical, highly complex education sector present some significant challenges&#xd;
for this higher education institution, while also highlighting the success of a cooperative initiative that responds to the needs&#xd;
of the community in which it is embedded.</subfield>
   </datafield>
   <datafield ind2=" " ind1=" " tag="520">
      <subfield code="a">Mondragon Unibertsitatea bigarren mailako kooperatiba da, MONDRAGONeko kidea. 1997an sortua, unibertsitate kooperatibo honek bazkide mota desberdinak integratzen ditu berdintasun-egoeran: bazkide erabiltzaileak (ikasleak), lan-&#xd;
-bazkideak eta bazkide laguntzaileak. Mondragon Unibertsitatea Arrasateko Kooperatiba Esperientziaren beste adierazle bat&#xd;
da, existitze hutsagatik interesgarria itxurazko dikotomia publiko/pribatuak markatutako unibertsitate-sistema batean.  Bere&#xd;
garapen historiko bereziari esker, hiru kooperatiba-fakultate eta fundazio bat barnebiltzen dituen erakundea da, ezagutza sortzera bideratutako lankidetza-egitura bat osatzen dutenak. Hala, autonomiaren eta integrazioaren arteko orekak eta gobernantza horizontalaren eta unibertsitate-sektore hierarkizatu eta oso konplexuaren arteko tentsioak erronka garrantzitsuak dakarzkio goi-mailako irakaskuntzako kooperatiba honi, eta, aldi berean, txertatzen den komunitatearen beharrei erantzuten dien&#xd;
ekimen baten arrakasta erakusten du.</subfield>
   </datafield>
   <datafield ind1="8" ind2=" " tag="024">
      <subfield code="a">1698-7446</subfield>
   </datafield>
   <datafield ind1="8" ind2=" " tag="024">
      <subfield code="a">2444-3107</subfield>
   </datafield>
   <datafield ind1="8" ind2=" " tag="024">
      <subfield code="a">https://katalogoa.mondragon.edu/janium-bin/janium_login_opac.pl?find&amp;ficha_no=200924</subfield>
   </datafield>
   <datafield ind1="8" ind2=" " tag="024">
      <subfield code="a">https://hdl.handle.net/20.500.11984/14047</subfield>
   </datafield>
   <datafield tag="653" ind2=" " ind1=" ">
      <subfield code="a">Universidad Cooperativa</subfield>
   </datafield>
   <datafield tag="653" ind2=" " ind1=" ">
      <subfield code="a">Mondragon Unibertsitatea</subfield>
   </datafield>
   <datafield tag="653" ind2=" " ind1=" ">
      <subfield code="a">Cooperativismo de Mondragon</subfield>
   </datafield>
   <datafield tag="653" ind2=" " ind1=" ">
      <subfield code="a">Intercooperación</subfield>
   </datafield>
   <datafield tag="653" ind2=" " ind1=" ">
      <subfield code="a">Cooperative University</subfield>
   </datafield>
   <datafield tag="653" ind2=" " ind1=" ">
      <subfield code="a">Mondragon Unibertsitatea</subfield>
   </datafield>
   <datafield tag="653" ind2=" " ind1=" ">
      <subfield code="a">Mondragon Cooperativism</subfield>
   </datafield>
   <datafield tag="653" ind2=" " ind1=" ">
      <subfield code="a">Intercooperation</subfield>
   </datafield>
   <datafield tag="653" ind2=" " ind1=" ">
      <subfield code="a">Unibertsitate Kooperatiboa</subfield>
   </datafield>
   <datafield tag="653" ind2=" " ind1=" ">
      <subfield code="a">Mondragon Unibertsitatea</subfield>
   </datafield>
   <datafield tag="653" ind2=" " ind1=" ">
      <subfield code="a">Arrasateko Esperientzia Kooperatiboa</subfield>
   </datafield>
   <datafield tag="653" ind2=" " ind1=" ">
      <subfield code="a">Interkooperazioa</subfield>
   </datafield>
   <datafield ind2="0" ind1="0" tag="245">
      <subfield code="a">Mondragon Unibertsitatea: El equilibrio entre autonomía e integración en una universidad cooperativa</subfield>
   </datafield>
</record></metadata></record></GetRecord></OAI-PMH>